书目信息 |
| 书名: | Blood oath | |
| 作者: | George Fresolone and Robert J. Wagman | |
| 分册号: | ||
| 分册名: | 出版地: | New York : |
|
| 出版社: | Simon & Schuster | |
| 出版时间: | c1994. | |
| 页数: | 316 p. : | |
| 开本: | 25 cm. | |
| 丛书名: | ||
| 中图分类号: | ||
| 科图分类号: | ||
| 其他分类号: | D771.288 | |
| 主题词: | ||
| 电子资源: | ||
| 000 | 01196nam 2200325 a 4500 | |
| 001 | E0731225199 | |
| 003 | DLC | |
| 005 | 20070421084258.03 | |
| 008 | 940505s1994 nyua 000 0deng | |
| 008 | uu | |
| 010 | @a94020356 | |
| 020 | @a0671779052. | |
| 040 | @aDLC @cDLC @dDLC | |
| 043 | @an-us-nj | |
| 049 | @aN5LA | |
| 050 | 00 | @aHV6452.N22 @bM344 1994 |
| 082 | 00 | @a364.1/06/09749 @220 |
| 090 | @a2-98/D771.288/F88///////1205635 | |
| 090 | @aD771.288 | |
| 096 | @aD771.288 @v3 | |
| 099 | @dD771.288@ex46 | |
| 100 | 1 | @aFresolone, George, @d1953- |
| 245 | 10 | @aBlood oath :@bthe heroic story of ;@agangster turned government agent who brought down one of America's most powerful mob families / @cGeorge Fresolone and Robert J. Wagman |
| 260 | @aNew York :@bSimon & Schuster,@cc1994. | |
| 300 | @a316 p. :@bill. ;@c25 cm. | |
| 650 | 0 | @aMafia @zNew Jersey @xCase studies. |
| 650 | 0 | @aOrganized crime investigation @zNew Jersey @xCase studies. |
| 650 | 0 | @aOrganized crime @zNew Jersey @xCase studies. |
| 700 | 10 | @aWagman, Robert J., @ejt. auth. @b00 @c20020930 @lNLC09 @h2252 @lNLC09 @h0008 @lNLC09 @h2000 |
| 852 | 9 | @bWWJC @k2-98 @hD771.288 @iF88 @cJ09 |
| Blood oath : : the heroic story of ; ; gangster turned government agent who brought down one of America's most powerful mob families / / George Fresolone and Robert J. Wagman.-New York : : Simon & Schuster, , c1994. |
| 316 p. : : ill. ; ; 25 cm. |
| ISBN 0671779052. |
| ● |
| 相关链接 |
|
|
|
|
正题名:Blood oath
索取号:D771.288/x46
 
预约/预借
| 序号 | 登录号 | 条形码 | 馆藏地/架位号 | 状态 | 备注 |
| 1 | 004279 | 300042790 | 第二样本阅览室/ [索取号:D771.288/x46] | 在馆 |